| 000 | 00948nac a22002897a 4500 | ||
|---|---|---|---|
| 001 | BR9406562 | ||
| 003 | BR-BrBNA | ||
| 005 | 20240105121604.0 | ||
| 008 | 230509b bl.|||m| |||| 00| 0 por d | ||
| 040 |
_aBR-BrBNA _bpor _cBiblioteca Nacional de Agricultura |
||
| 072 | _aQ04 | ||
| 090 | _a5217 BR9406562 | ||
| 100 | 1 | _aNascimento, C.N.B. do | |
| 100 | 1 | _aCarvalho, L.O.D. de M. | |
| 100 | 1 | _aBarbosa, W.C. | |
| 110 | 1 | _aCentro de Pesquisa Agroflorestal da Amazonia Oriental, Belem, PA (Brasil) | |
| 245 | 1 | _aValor nutritivo da carne de bufalos Murrah | |
| 260 | 3 |
_aBelem, PA (Brasil): _c1993. |
|
| 300 | _a17 p. | ||
| 490 |
_aBoletim de Pesquisa - Centro de Pesquisa Agroflorestal da Amazonia Oriental (Brazil) _vno. 142 _xISSN 0100-8102 |
||
| 500 | _a18 ref.; Summaries (En, Pt) | ||
| 650 | _aBufalo | ||
| 650 | _aCarne | ||
| 650 | _aValor Nutritivo | ||
| 909 |
_a202312 _bLúcia Elande _c55 _dLúcia Elande |
||
| 942 |
_2AGRIS _n0 _cMS |
||
| 999 |
_c286193 _d286193 |
||